Writing at university : a guide for students /
This book is about: You and university writing; First thoughts on writing assignments; Writing for different courses; Beginning with the title; Reading as part of writing; ...
Đã lưu trong:
| Príomhúdar: | |
|---|---|
| Údair Eile: | |
| Formáid: | Leabhar |
| Teanga: | English |
| Foilsithe: |
Buckingham ; Philadelphia PA :
Open University Press,
1997.
|
| Ábhair: | |
| Clibeanna: |
Cuir Clib Leis
Gan Chlibeanna, Bí ar an gcéad duine leis an taifead seo a chlibeáil!
|
| Thư viện lưu trữ: | Mạng thư viện Đại học Đà Nẵng |
|---|
| LEADER | 01212cam a2200373 i 4500 | ||
|---|---|---|---|
| 001 | 000049352 | ||
| 003 | 9097 | ||
| 005 | 20051111143226.0 | ||
| 008 | 010326b1997 vm 000 eng | ||
| 020 | |a 033519642X | ||
| 040 | |a IRC |c IRC |d IRC | ||
| 041 | 0 | |a eng | |
| 082 | 1 | 4 | |a 808.042 |b CR-P |
| 100 | 1 | |a Creme, Phyllis, |d 1942- | |
| 245 | 0 | 0 | |a Writing at university : |b a guide for students / |c Phyllis Creme, Mary R. (Mary Rosalind) Lea, 1950- |
| 260 | |a Buckingham ; Philadelphia PA : |b Open University Press, |c 1997. | ||
| 300 | |a viii, 152 p. ; |c 21.5cm. | ||
| 520 | 3 | |a This book is about: You and university writing; First thoughts on writing assignments; Writing for different courses; Beginning with the title; Reading as part of writing; ... | |
| 630 | 0 | 4 | |a Academic writing. |
| 630 | 0 | 4 | |a Rhetoric. |
| 630 | 0 | 4 | |a English writing. |
| 650 | 0 | 4 | |a English writing |x Rhetoric. |
| 650 | 0 | 4 | |a Academic writing. |
| 700 | 1 | |a Lea, Mary R., |q (Mary Rosalind), |d 1950- | |
| OWN | |a DUT | ||
| 999 | |a From the UDN01 | ||
| TYP | |a Monograph | ||
| TYP | |a Printed language | ||
| 980 | |a Mạng thư viện Đại học Đà Nẵng | ||


